000 00562nam a2200181 4500
008 080811s1968 pau b 000 0 eng
090 _aBT738
_bG43c
100 1 _aGingerich, Melvin,
_d1902-1975.
245 1 4 _aThe Christian and revolution.
260 _aScottdale, Pa. :
_bHerald Press,
_c[1968]
300 _a229 p. ;
_c20 cm.
490 1 _aThe Conrad Grebel lectures,
_v1967
504 _aBibliography: p. [209]-224.
650 4 _aChristian sociology.
951 _p8702
_oBT738/G43c
_j080811161021280
_d2000-12-21
_cGC
999 _c32013
_d32013